<?xml version="1.0" encoding="UTF-8"?>
<marc:record xmlns:marc="http://www.loc.gov/MARC21/slim">
   <marc:leader>00000nam a2200000 a 4500</marc:leader>
   <marc:datafield ind1="1" ind2=" " tag="100">
      <marc:subfield code="a">Hibbert, Jerry</marc:subfield>
   </marc:datafield>
   <marc:datafield ind1="0" ind2="0" tag="245">
      <marc:subfield code="a">Tag der offenen Tür</marc:subfield>
   </marc:datafield>
   <marc:datafield ind1="0" ind2="0" tag="245">
      <marc:subfield code="c">Regie: Jerry Hibbert</marc:subfield>
   </marc:datafield>
   <marc:datafield ind1=" " ind2="1" tag="264">
      <marc:subfield code="a">[o.O.]</marc:subfield>
      <marc:subfield code="b">Prism Art &amp; Design</marc:subfield>
      <marc:subfield code="c">2012</marc:subfield>
   </marc:datafield>
   <marc:datafield ind1="1" ind2=" " tag="490">
      <marc:subfield code="a">Feuerwehrmann Sam</marc:subfield>
   </marc:datafield>
   <marc:datafield ind1="1" ind2=" " tag="520">
      <marc:subfield code="a">Feuerwehrmann Sam und seine Kollegen haben im beschaulichen Städtchen Pontypandy mächtig was zu tun. Für alle, die?s nicht wissen: Pontypandy liegt im englischen Wales, dort wo sich ein Dörfchen ans andere reiht, Schafe auf satten Wiesen grasen und jeder jeden kennt. So ist es zum Beispiel kein Geheimnis, dass Lausebengel Norman meist hinter den kleinen und größeren Katastrophen in und um Pontypandy steckt.</marc:subfield>
   </marc:datafield>
   <marc:datafield ind1=" " ind2=" " tag="020">
      <marc:subfield code="a">4260009916597</marc:subfield>
      <marc:subfield code="9">4260009916597</marc:subfield>
   </marc:datafield>
   <marc:datafield ind1="0" ind2=" " tag="490">
      <marc:subfield code="v">0</marc:subfield>
   </marc:datafield>
   <marc:datafield ind1=" " ind2=" " tag="300">
      <marc:subfield code="a">1 DVD; Dauer ca. 50 Min.</marc:subfield>
   </marc:datafield>
</marc:record>
